Squatters' rights (Record no. 71498)

MARC details
000 -LEADER
fixed length control field 01433cam a2200277 4500
001 - CONTROL NUMBER
control field ABS66100
008 - FIXED-LENGTH DATA ELEMENTS--GENERAL INFORMATION
fixed length control field 021101n2002 000 0 eng u
035 ## - SYSTEM CONTROL NUMBER
System control number (Sirsi) u120338
100 ## - MAIN ENTRY--PERSONAL NAME
Personal name Heppinstall, A
245 ## - TITLE STATEMENT
Title Squatters' rights
260 ## - PUBLICATION, DISTRIBUTION, ETC.
Date of publication, distribution, etc. 2002
490 ## - SERIES STATEMENT
Series statement Solicitors' Journal
Volume/sequential designation 146(34) 13 September 2002, 808-809(2)
520 ## - SUMMARY, ETC.
Summary, etc. Discusses how the Human Rights Act 1998 has affected squatters' rights and made it more difficult for owners to regain possession from unlawful occupiers. This is because the CA case "Qazi v Harrow LBC" [2001] approved the concept of 'home' within the meaning of the European Convention on Human Rights Article 8 and encouraged squatters to stand their ground. However, argues that the vast majority of cases involving squatters and possession proceedings should not be treated differently than before the Human Rights Act 1998 came into force. With an explanation of how trespassers have to satisfy the home test under Article 8. Case law.
590 ## - LOCAL NOTE (RLIN)
Local note ABS
650 ## - SUBJECT ADDED ENTRY--TOPICAL TERM
Topical term or geographic name entry element CONVENTION FOR THE PROTECTION OF HUMAN RIGHTS AND FUNDAMENTAL FREEDOMS ART 8
650 ## - SUBJECT ADDED ENTRY--TOPICAL TERM
Topical term or geographic name entry element SQUATTERS
650 ## - SUBJECT ADDED ENTRY--TOPICAL TERM
Topical term or geographic name entry element HUMAN RIGHTS ACT 1998
650 ## - SUBJECT ADDED ENTRY--TOPICAL TERM
Topical term or geographic name entry element QAZI V HARROW LBC
650 ## - SUBJECT ADDED ENTRY--TOPICAL TERM
Topical term or geographic name entry element BUCKLEY V UNITED KINGDOM
650 ## - SUBJECT ADDED ENTRY--TOPICAL TERM
Topical term or geographic name entry element WANDSWORTH LBC V MICHALAKLAK
650 ## - SUBJECT ADDED ENTRY--TOPICAL TERM
Topical term or geographic name entry element SHEFFIELD V SMART
650 ## - SUBJECT ADDED ENTRY--TOPICAL TERM
Topical term or geographic name entry element POPLAR HOUSING V DONOGHUE
650 ## - SUBJECT ADDED ENTRY--TOPICAL TERM
Topical term or geographic name entry element MCPHAIL V DOULTON
690 ## - LOCAL SUBJECT ADDED ENTRY--TOPICAL TERM (OCLC, RLIN)
Topical term or geographic name as entry element PROPERTY
942 ## - ADDED ENTRY ELEMENTS (KOHA)
Suppress in OPAC 0
Holdings
Withdrawn status Lost status Source of classification or shelving scheme Damaged status Not for loan Home library Current library Shelving location Date acquired Total Checkouts Full call number Barcode Date last seen Copy number Price effective from Koha item type
    Dewey Decimal Classification     London London Journal article 01/11/2002   ABS66100 120338-1001 06/08/2019 1 06/08/2019 Journal article